000 00355nam a2200133Ia 4500
005 20251222141953.0
008 251222s9999||||xx |||||||||||||| ||spa||
020 _a958-698-144-4
082 _a379.204.6/P59
100 _aPiñeros Jiménez, Luis Jaime
245 0 _aDimensiones del Mejoramiento Escolar:
264 _bConvenio Andrés Bello
942 _cLIB
999 _c9741
_d9741